000 00848nam a2200193 i 4500
001 49495
003 ES-MaACL
005 20230906162000.0
007 t|
008 030716s1911 sp ||||1| spa d
100 1 _aCossío y Gómez-Acebo, Manuel de.
_941028
245 1 3 _aLa trata de blancas en España
_b: ventajas de las instituciones represoras y sus resultados : memoria premiada por la Sociedad Española de Higiene en el Concurso de 1910 /
_cManuel de Cossío y Gómez Acebo.
260 _aMadrid :
_b[s.n.],
_c1911 (
_fImp. de la Suc. de M. Minuesa de los Ríos)
300 _a64 p. ;
_c23 cm.
500 _aTít. de la cubierta: La trata de blancas en España y la Vizcondesa de Jorbalán.
650 4 _aProstitución-
_zEspaña.
_9150137
650 4 _aProstitutas-
_xServicios sociales-
_zEspaña.
_9156651
852 _aES-MaACL
_j1618-F-6
999 _c49495
_d49495